000 00771nam a2200241Ia 4500
003 OSt
005 20220927110422.0
006 a|||||r|||| 00| 0
007 ta
008 220926b |||||||| |||| 00| 0 eng d
024 _a94311
037 _cReports
040 _aRTL
_cRTL
_beng
041 _2eng
_aeng
082 _a"X9(D513):531.2.N55t, J6/GD"
110 _a"India, Government of....Tariff (Commission of...)"
_9378181
245 0 _aReport on the automobile industry
260 _aNew
_bDelhi Manager of Publications India
_c1956
300 _a"iv, 154p."
_ccm.
700 _a"India, Government of....Tariff (Commission of...)"
_9378182
942 _h"X9(D513):531.2.N55t, J6/GD"
_cCC
999 _c696661
_d696661